Matematičeskoje modelirovanije chimiko-technologičeskich processov na analogovych vyčislitel'nych mašinach : učebnoje posobije : laboratorno-praktičeskoje raboty /

Uložené v:
Podrobná bibliografia
Hlavný autor: Lucenko, Valentin Antonovič (Author)
Médium: Kniha
Jazyk:Russian
Vydané: Moskva : Chimija, 1984.
Vydanie:2. pererabot. i dopol. izd.
ISBN: (viaz.)
Fyzický popis: 271 s.
Tagy: Pridať tag
Žiadne tagy, Buďte prvý kto otaguje tento záznam!

MARC

LEADER 00000nam a2200000 a 4500
001 000413821
005 20121224100310.0
008 040101s1984 ru e ruso
020 |a (viaz.)  |c Kčs 12,00 
040 |a SVKKK  |b slo  |c SVKKK  |e AACR2 
041 0 |a rus 
044 |a ru  |c RU 
100 1 |a Lucenko, Valentin Antonovič  |4 aut 
245 1 0 |a Matematičeskoje modelirovanije chimiko-technologičeskich processov na analogovych vyčislitel'nych mašinach :  |b učebnoje posobije : laboratorno-praktičeskoje raboty /  |c Valentin Antonovič Lucenko, Leonid Nikolajevič Finjakin. 
250 |a 2. pererabot. i dopol. izd. 
260 |a Moskva :  |b Chimija,  |c 1984. 
300 |a 271 s. 
910 |a svkkk 
998 |a BK 
090 |g SCKHL  |k Sklad Pribinova 2. posch.  |a III.126003  |j 706349  |i B277399  |4 Zastaraná  |s Vyradená